[Event "11th EICC Playoff Medals"]
[Site "Rijeka CRO"]
[Date "2010.03.18"]
[Round "1.1"]
[White "Timofeev, Arty"]
[Black "Jobava, Ba"]
[Result "0-1"]
[WhiteElo "2655"]
[BlackElo "2695"]
[PlyCount "80"]
[EventDate "2010.03.18"]

1. e4 c6 2. d4 d5 3. exd5 cxd5 4. c4 Nf6 5. Nc3 e6 6. Nf3 Be7 7. cxd5 Nxd5 8.
Bc4 O-O 9. O-O Nc6 10. Re1 Nf6 11. a3 Qc7 12. Nb5 Qb8 13. Ne5 a6 14. Nc3 Rd8
15. Bf4 Qa7 16. Nxc6 bxc6 17. Qf3 Bb7 18. Rad1 Rxd4 19. Rxd4 Qxd4 20. b3 Bxa3
21. Rd1 Qb6 22. Be5 Be7 23. Na4 Qa5 24. Bd6 Bxd6 25. Rxd6 Qc7 26. Rd1 c5 27.
Qg3 e5 28. h3 h6 29. Qd3 Qc6 30. Qg6 Rf8 31. Nc3 Kh8 32. Qg3 Nh5 33. Qg4 f5 34.
Qf3 Qxf3 35. gxf3 Bxf3 36. Rd6 Rf6 37. Rd8+ Kh7 38. Bg8+ Kg6 39. Nd5 Bxd5 40.
Bxd5 Nf4 0-1

[Event "11th EICC Playoff Medals"]
[Site "Rijeka CRO"]
[Date "2010.03.18"]
[Round "1.2"]
[White "Jobava, Ba"]
[Black "Timofeev, Arty"]
[Result "1/2-1/2"]
[WhiteElo "2695"]
[BlackElo "2655"]
[PlyCount "146"]
[EventDate "2010.03.18"]

1. c4 c5 2. Nc3 g6 3. g3 Bg7 4. Bg2 Nc6 5. Nf3 e6 6. d3 Nge7 7. O-O O-O 8. Bg5
h6 9. Bd2 b6 10. a3 Bb7 11. Qc1 Kh7 12. b4 Rb8 13. Rb1 Ba8 14. e3 d6 15. Rd1
Qd7 16. d4 cxd4 17. exd4 Rbc8 18. Be3 Nf5 19. d5 Nce7 20. dxe6 Qxe6 21. Bd4
Nxd4 22. Nxd4 Qxc4 23. Bxa8 Bxd4 24. Nd5 Nf5 25. Qxc4 Rxc4 26. Bb7 Rc2 27. Rf1
Rb8 28. Ba6 b5 29. Rbc1 Ra2 30. Rc7 Kg7 31. Bc8 Rxa3 32. Be6 Rf8 33. Bxf5 gxf5
34. Rd1 Be5 35. f4 Ra1 36. Rxa1 Bxa1 37. Kf1 Bd4 38. Ke2 Re8+ 39. Kd3 Bg1 40.
Rc1 Bf2 41. Rc2 Bg1 42. Rc1 Bb6 43. Nxb6 axb6 44. Rc6 Re4 45. Kc3 Re3+ 46. Kc2
Re2+ 47. Kc3 Rxh2 48. Rxb6 Rh3 49. Rxb5 Rxg3+ 50. Kc4 Kf6 51. Rd5 Ke6 52. Rd4
Rg1 53. b5 Rb1 54. Rd2 Kd7 55. Rd5 Rf1 56. b6 Rxf4+ 57. Kb5 Rf1 58. Rd4 f4 59.
Ka6 f3 60. Ra4 f2 61. Ra2 Kc6 62. b7 Rb1 63. Rc2+ Kd7 64. Rxf2 Ke6 65. Rh2 f5
66. Rxh6+ Ke5 67. Rh8 f4 68. b8=Q Rxb8 69. Rxb8 f3 70. Kb5 Kd4 71. Rf8 Ke3 72.
Kc6 f2 73. Rxf2 Kxf2 1/2-1/2

[Event "11th EICC Men Playoff"]
[Site "Rijeka CRO"]
[Date "2010.03.18"]
[Round "1.1"]
[White "Babula, V."]
[Black "Hracek, Z."]
[Result "1/2-1/2"]
[WhiteElo "2554"]
[BlackElo "2615"]
[PlyCount "46"]
[EventDate "2010.03.18"]

1. d4 Nf6 2. c4 e6 3. Nf3 d5 4. Nc3 Nbd7 5. Bg5 Be7 6. e3 O-O 7. Rc1 c6 8. Qc2
a6 9. a3 b6 10. Be2 Bb7 11. O-O dxc4 12. Bxc4 c5 13. dxc5 Nxc5 14. Rfd1 Qe8 15.
b4 Nce4 16. Nxe4 Nxe4 17. Bf4 Rc8 18. Qb3 b5 19. Bf1 Bd5 20. Qb2 Bf6 21. Be5
Qe7 22. Bxf6 Qxf6 23. Qxf6 gxf6 1/2-1/2

[Event "11th EICC Men Playoff"]
[Site "Rijeka CRO"]
[Date "2010.03.18"]
[Round "1.2"]
[White "Hracek, Z."]
[Black "Babula, V."]
[Result "1/2-1/2"]
[WhiteElo "2615"]
[BlackElo "2554"]
[PlyCount "76"]
[EventDate "2010.03.18"]

1. e4 c5 2. Nf3 e6 3. d4 cxd4 4. Nxd4 Nc6 5. Nc3 d6 6. Be3 Nf6 7. f4 e5 8. Nf3
Ng4 9. Qd2 Nxe3 10. Qxe3 exf4 11. Qxf4 Be7 12. O-O-O O-O 13. Nd5 Re8 14. Kb1
Be6 15. Bc4 Rc8 16. Rhf1 Bf8 17. Bb3 h6 18. g4 Ne5 19. Nxe5 dxe5 20. Qg3 Qg5
21. Qf3 Red8 22. h3 Bc5 23. Rd3 b5 24. Qd1 Kh8 25. a3 a5 26. Qe1 b4 27. a4 Bd4
28. Qg3 Rd7 29. Qf3 Rc6 30. Qe2 Qg6 31. Rdf3 Qg5 32. Qd3 Qd8 33. Qe2 Kg8 34.
Qe1 Kh8 35. Qg3 Qg5 36. Qe1 Qd8 37. Qg3 Qg5 38. Qe1 Qd8 1/2-1/2

[Event "11th EICC Men Playoff"]
[Site "Rijeka CRO"]
[Date "2010.03.18"]
[Round "1.3"]
[White "Babula, V."]
[Black "Hracek, Z."]
[Result "1/2-1/2"]
[WhiteElo "2554"]
[BlackElo "2615"]
[PlyCount "67"]
[EventDate "2010.03.18"]

1. d4 Nf6 2. c4 e6 3. Nf3 Bb4+ 4. Bd2 Qe7 5. g3 Nc6 6. Nc3 Bxc3 7. Bxc3 Ne4 8.
Qc2 Nxc3 9. Qxc3 Qb4 10. Qxb4 Nxb4 11. Kd2 b6 12. a3 Nc6 13. d5 Nd8 14. Nd4 c5
15. Nb5 Ke7 16. e4 d6 17. b4 Nb7 18. Nc7 Rb8 19. Na6 Ra8 20. bxc5 Nxc5 21. Nxc5
bxc5 22. Rb1 Bd7 23. Bd3 Rhb8 24. Rxb8 Rxb8 25. Rb1 Rxb1 26. Bxb1 exd5 27. exd5
Kf6 28. Ke3 Bf5 29. Bxf5 Kxf5 30. h3 g5 31. f4 gxf4+ 32. gxf4 a5 33. Kf3 a4 34.
Ke3 1/2-1/2

[Event "11th EICC Men Playoff"]
[Site "Rijeka CRO"]
[Date "2010.03.18"]
[Round "1.4"]
[White "Hracek, Z."]
[Black "Babula, V."]
[Result "1/2-1/2"]
[WhiteElo "2615"]
[BlackElo "2554"]
[PlyCount "78"]
[EventDate "2010.03.18"]

1. e4 c5 2. Nf3 d6 3. d4 cxd4 4. Nxd4 Nf6 5. Nc3 e6 6. g4 h6 7. h4 Nc6 8. Rg1
d5 9. exd5 Nxd5 10. Nxd5 exd5 11. Be3 Be7 12. Qd2 O-O 13. g5 h5 14. O-O-O g6
15. Kb1 Be6 16. Nxe6 fxe6 17. Bh3 Qd6 18. Rge1 Rae8 19. c4 Ne5 20. cxd5 Nf3 21.
Qd3 exd5 22. Bc5 Nxe1 23. Rxe1 Qa6 24. Qxa6 bxa6 25. Rxe7 Rxe7 26. Bxe7 Rxf2
27. Be6+ Kh7 28. Bxd5 Rh2 29. b4 Rxh4 30. Kc2 Rd4 31. Bf3 h4 32. Kc3 Rf4 33.
Bd5 h3 34. Kd3 h2 35. Bd6 Rh4 36. Bh1 Rg4 37. Bf3 Rh4 38. Bh1 Rg4 39. Bf3 Rh4
1/2-1/2

[Event "11th EICC Men Playoff"]
[Site "Rijeka CRO"]
[Date "2010.03.18"]
[Round "1.5"]
[White "Hracek, Z."]
[Black "Babula, V."]
[Result "0-1"]
[WhiteElo "2615"]
[BlackElo "2554"]
[PlyCount "82"]
[EventDate "2010.03.18"]

1. e4 c5 2. Nf3 d6 3. d4 cxd4 4. Nxd4 Nf6 5. Nc3 a6 6. Be3 e6 7. g4 h6 8. h3
Nc6 9. Bg2 Bd7 10. f4 Rc8 11. Nb3 Na5 12. Nxa5 Qxa5 13. O-O Bc6 14. Qd3 Be7 15.
Bf3 Nd7 16. a3 Bf6 17. Qxd6 Be7 18. Qd2 O-O 19. Nd5 Qd8 20. Nxe7+ Qxe7 21. Rad1
Nf6 22. Qg2 e5 23. f5 Nh7 24. Qg3 Nf6 25. Qg2 Nh7 26. Rd2 Rfd8 27. Rfd1 Rxd2
28. Qxd2 Ng5 29. Bxg5 hxg5 30. Qd6 Kf8 31. Kf2 Qxd6 32. Rxd6 Ke7 33. Rd2 a5 34.
Ke3 a4 35. Be2 b5 36. Rd3 Rb8 37. Rc3 Kd6 38. Rd3+ Ke7 39. Rd2 Rh8 40. Bf1 Rb8
41. Rh2 b4 0-1

[Event "11th EICC Men Playoff"]
[Site "Rijeka CRO"]
[Date "2010.03.18"]
[Round "1.1"]
[White "Drozdovskij, Y."]
[Black "Belov, Vl"]
[Result "1-0"]
[WhiteElo "2627"]
[BlackElo "2619"]
[PlyCount "77"]
[EventDate "2010.03.18"]

1. d4 Nf6 2. c4 e6 3. Nf3 d5 4. Nc3 c6 5. e3 Nbd7 6. Qc2 Bd6 7. b3 O-O 8. Be2
b6 9. O-O Bb7 10. Bb2 Qe7 11. Rad1 Rad8 12. Rfe1 Rfe8 13. Bf1 c5 14. cxd5 exd5
15. g3 Nf8 16. Bg2 Bb8 17. Nh4 g6 18. dxc5 bxc5 19. Na4 N8d7 20. Nf3 Rc8 21.
Bh3 Rc6 22. Rc1 Bd6 23. Qc3 Bb8 24. Bxd7 Qxd7 25. Nxc5 Qg4 26. Qd4 Qxf3 27. Nd7
Rxc1 28. Rxc1 Be5 29. Nxe5 Qe4 30. Rc7 Qb1+ 31. Kg2 Ba6 32. Rc1 Qe4+ 33. f3
Qxd4 34. Bxd4 Re6 35. Rc7 Bb5 36. Nxf7 Nd7 37. Nd8 Rd6 38. a4 Ba6 39. Rxa7 1-0

[Event "11th EICC Men Playoff"]
[Site "Rijeka CRO"]
[Date "2010.03.18"]
[Round "1.2"]
[White "Belov, Vl"]
[Black "Drozdovskij, Y."]
[Result "0-1"]
[WhiteElo "2619"]
[BlackElo "2627"]
[PlyCount "122"]
[EventDate "2010.03.18"]

1. e4 c6 2. d4 d5 3. Nc3 dxe4 4. Nxe4 Nd7 5. Ng5 Ngf6 6. Bc4 e6 7. Qe2 Nb6 8.
Bb3 h6 9. N5f3 a5 10. a4 c5 11. c3 Qc7 12. Nh3 Bd7 13. O-O Bd6 14. Ne5 O-O 15.
Nf4 cxd4 16. cxd4 Nbd5 17. Nfd3 Qb6 18. Bxd5 exd5 19. Bxh6 Qxd4 20. Nxd7 Nxd7
21. Be3 Qe4 22. f3 Qf5 23. Qd2 Ne5 24. Nxe5 Qxe5 25. g3 Rfe8 26. Bd4 Qf5 27.
Rad1 Bb4 28. Qd3 Qxd3 29. Rxd3 Rac8 30. b3 Bc5 31. Rf2 b6 32. Kg2 Bxd4 33. Rxd4
Re3 34. b4 Ra3 35. b5 Rc4 36. Rxd5 Rcxa4 37. Rd8+ Kh7 38. Rd7 Ra2 39. Rxf7
Rxf2+ 40. Kxf2 Rb4 41. g4 Rxb5 42. Ra7 Rb2+ 43. Kg3 Ra2 44. h4 b5 45. h5 b4 46.
g5 Kg8 47. Ra8+ Kf7 48. Ra7+ Kf8 49. Kf4 b3 50. Kf5 Rf2 51. Ra8+ Ke7 52. Ra7+
Kf8 53. Kg6 b2 54. Ra8+ Ke7 55. Rb8 a4 56. Rb7+ Kd6 57. Kxg7 a3 58. h6 a2 59.
h7 a1=Q 60. Rb6+ Kc7 61. Rf6 Rg2 0-1

[Event "11th EICC Men Playoff"]
[Site "Rijeka CRO"]
[Date "2010.03.18"]
[Round "1.2"]
[White "Navara, D."]
[Black "Howell, D."]
[Result "1-0"]
[WhiteElo "2708"]
[BlackElo "2612"]
[PlyCount "129"]
[EventDate "2010.03.18"]

1. e4 e5 2. Nf3 Nc6 3. Bb5 a6 4. Ba4 Nf6 5. O-O Be7 6. Re1 b5 7. Bb3 O-O 8. h3
d6 9. c3 Na5 10. Bc2 c5 11. d4 Nd7 12. Nbd2 exd4 13. cxd4 Re8 14. d5 Bf6 15.
Rb1 Ra7 16. b3 Rc7 17. Nf1 Nb7 18. Bf4 Ne5 19. Ne3 Nxf3+ 20. Qxf3 Rce7 21. Re2
Qa5 22. Rd1 Qc3 23. Qg3 Be5 24. Bxe5 Qxe5 25. f4 Qc3 26. Qh4 Qf6 27. Qxf6 gxf6
28. f5 Kg7 29. Kf2 Rc7 30. Nf1 a5 31. Ng3 Kf8 32. Bd3 Bd7 33. Rc2 Ke7 34. Ne2
Rec8 35. Rdc1 c4 36. bxc4 Nc5 37. Ke3 b4 38. Nf4 Rb7 39. Be2 b3 40. axb3 Rxb3+
41. Rc3 Rcb8 42. Nd3 a4 43. Bd1 Rxc3 44. Rxc3 Rb1 45. Rc1 Rb6 46. Ra1 Ra6 47.
Kd4 Ra5 48. Kc3 Nxe4+ 49. Kb4 Ra8 50. Bxa4 Bxa4 51. Rxa4 Rb8+ 52. Ka3 Ng3 53.
Nb4 Rc8 54. Nc6+ Kd7 55. Kb3 Nxf5 56. Ra1 Ng7 57. g4 h5 58. Rf1 hxg4 59. Rxf6
Rf8 60. hxg4 Ne8 61. Rf1 f6 62. Ra1 Nc7 63. Ra7 Rg8 64. Nd4 Kd8 65. Ne6+ 1-0

[Event "11th EICC Men Playoff"]
[Site "Rijeka CRO"]
[Date "2010.03.18"]
[Round "1.1"]
[White "Volkov, Sergey1"]
[Black "Sargissian, G."]
[Result "1/2-1/2"]
[WhiteElo "2612"]
[BlackElo "2675"]
[PlyCount "79"]
[EventDate "2010.03.18"]

1. d4 Nf6 2. c4 e6 3. Nc3 Bb4 4. f3 d5 5. a3 Bxc3+ 6. bxc3 c5 7. cxd5 Nxd5 8.
dxc5 f5 9. Nh3 O-O 10. Nf4 Nc6 11. Nxd5 exd5 12. Bf4 Qf6 13. Qd2 Na5 14. Qxd5+
Be6 15. Qe5 Qg6 16. Qc7 Nb3 17. Rd1 Rac8 18. Qxb7 Qf6 19. Kf2 Nxc5 20. Qxa7
Qxc3 21. g3 Qc2 22. Rd2 Qc3 23. Bh3 Qf6 24. Rc1 Ne4+ 25. fxe4 Rxc1 26. Rd6 Rh1
27. Bxf5 Qa1 28. Bxe6+ Kh8 29. Qe7 Rxh2+ 30. Ke3 Qxa3+ 31. Kd4 Qb2+ 32. Kc5
Qc3+ 33. Kd5 Qb3+ 34. Kc6 Qa4+ 35. Kc5 Qc2+ 36. Kb6 Qb2+ 37. Kc5 Qc2+ 38. Kb6
Qb2+ 39. Kc5 Qc2+ 40. Kb6 1/2-1/2

[Event "11th EICC Men Playoff"]
[Site "Rijeka CRO"]
[Date "2010.03.18"]
[Round "1.2"]
[White "Sargissian, G."]
[Black "Volkov, Sergey1"]
[Result "1/2-1/2"]
[WhiteElo "2675"]
[BlackElo "2612"]
[PlyCount "77"]
[EventDate "2010.03.18"]

1. d4 d5 2. c4 c6 3. Nf3 Nf6 4. Nc3 a6 5. a4 e6 6. Bg5 a5 7. e3 Na6 8. Be2 Be7
9. O-O O-O 10. Qb3 Nb4 11. Na2 Na6 12. Rac1 Ne4 13. Bxe7 Qxe7 14. Rfd1 Nb4 15.
Nxb4 Qxb4 16. Qa3 Rd8 17. Bd3 Qxa3 18. bxa3 Nf6 19. Rb1 Kf8 20. Rdc1 Ke7 21.
Nd2 Kd6 22. f4 Kc7 23. Nf3 Bd7 24. h3 Be8 25. g4 dxc4 26. Bxc4 Nd5 27. Kf2 f6
28. f5 exf5 29. gxf5 Bh5 30. Bxd5 Rxd5 31. e4 Rd6 32. d5 Bxf3 33. Kxf3 g6 34.
fxg6 hxg6 35. Rb5 Rh8 36. Kg3 Re8 37. Kf3 Rh8 38. Kg3 Re8 39. Kf3 1/2-1/2

[Event "11th EICC Men Playoff"]
[Site "Rijeka CRO"]
[Date "2010.03.18"]
[Round "1.3"]
[White "Sargissian, G."]
[Black "Volkov, Sergey1"]
[Result "1-0"]
[WhiteElo "2675"]
[BlackElo "2612"]
[PlyCount "123"]
[EventDate "2010.03.18"]

1. c4 e5 2. Nc3 Bb4 3. Nd5 Bc5 4. b4 Bf8 5. Rb1 c6 6. Nc3 d5 7. cxd5 cxd5 8. d3
Nf6 9. Bg5 d4 10. Ne4 Nc6 11. a3 Be7 12. Bxf6 gxf6 13. Nf3 f5 14. Ned2 e4 15.
dxe4 fxe4 16. Nxe4 Bf5 17. Nfd2 Qd5 18. f3 a5 19. g3 axb4 20. axb4 Bxe4 21.
Nxe4 f5 22. Nc5 Nxb4 23. Nd3 Qc4 24. Bh3 Qc3+ 25. Kf1 Nxd3 26. Qxd3 Qxd3 27.
exd3 O-O 28. Rg1 Rab8 29. Rb5 f4 30. gxf4+ Kh8 31. Bf5 b6 32. Rg4 Bc5 33. Be4
Rf7 34. f5 Ra7 35. Kg2 Rf8 36. f4 Ra5 37. Rb1 b5 38. Kf3 b4 39. Bd5 Be7 40. Ke4
Bf6 41. Be6 Rb8 42. Rg2 Ra7 43. Rc2 Rab7 44. Rb3 Ra7 45. Rc6 Kg7 46. Rc4 Ra2
47. Rcxb4 Rxb4 48. Rxb4 Re2+ 49. Kd5 Rxh2 50. Rb7+ Kh6 51. Bg8 Bg7 52. f6 Rh5+
53. Ke6 Bf8 54. Rxh7+ Kg6 55. Rxh5 Kxh5 56. Kf7 Bd6 57. Ke8 Kg6 58. f7 Kg7 59.
f5 Bc5 60. f6+ Kh8 61. Bh7 Kxh7 62. f8=Q 1-0

[Event "11th EICC Men Playoff"]
[Site "Rijeka CRO"]
[Date "2010.03.18"]
[Round "1.4"]
[White "Volkov, Sergey1"]
[Black "Sargissian, G."]
[Result "1/2-1/2"]
[WhiteElo "2612"]
[BlackElo "2675"]
[PlyCount "146"]
[EventDate "2010.03.18"]

1. d4 d5 2. c4 c6 3. Nf3 Nf6 4. e3 g6 5. Nc3 Bg7 6. b3 O-O 7. Bb2 Bg4 8. Be2
Nbd7 9. O-O e6 10. h3 Bxf3 11. Bxf3 Re8 12. g3 Qe7 13. Bg2 Rad8 14. Qc2 a6 15.
Rfd1 Rc8 16. Qe2 Rcd8 17. Rac1 Qb4 18. Na4 Qe7 19. Qc2 Rc8 20. Nc3 Rcd8 21. Nb1
Rc8 22. Ba3 Qd8 23. Nd2 Qa5 24. Bd6 Bf8 25. b4 Qd8 26. Bxf8 Nxf8 27. a4 N8d7
28. Qb2 Nb6 29. Qb3 dxc4 30. Nxc4 Nxc4 31. Qxc4 Qe7 32. b5 axb5 33. axb5 Nd5
34. bxc6 bxc6 35. Qc5 Qxc5 36. Rxc5 Red8 37. Rb1 Rc7 38. Ra1 Kg7 39. Ra6 Ne7
40. h4 h5 41. Be4 Rb8 42. Kg2 Rd8 43. Kf3 Rb8 44. Kf4 Kf6 45. f3 Rh8 46. Rb6
Rhc8 47. g4 hxg4 48. fxg4 Rh8 49. h5 gxh5 50. Rxh5 Rd8 51. g5+ Kg7 52. Rh7+ Kg8
53. Rh2 Kg7 54. Rb1 Rh8 55. Rxh8 Kxh8 56. Ke5 Kg7 57. Kd6 Ra7 58. Bxc6 Nf5+ 59.
Ke5 Nxe3 60. Be4 Ra5+ 61. Kf4 Nd5+ 62. Bxd5 Rxd5 63. Rb4 Rf5+ 64. Kg4 Rd5 65.
Rc4 Kg6 66. Kf4 Rf5+ 67. Ke4 Rxg5 68. Rc8 Kf6 69. Ra8 Rg4+ 70. Ke3 Rh4 71. Ra5
Rh3+ 72. Ke4 Rh4+ 73. Ke3 Rh3+ 1/2-1/2

[Event "11th EICC Men Playoff"]
[Site "Rijeka CRO"]
[Date "2010.03.18"]
[Round "2.1"]
[White "Navara, D."]
[Black "Movsesian, S."]
[Result "0-1"]
[WhiteElo "2708"]
[BlackElo "2709"]
[PlyCount "119"]
[EventDate "2010.03.18"]

1. e4 c5 2. Nf3 e6 3. d4 cxd4 4. Nxd4 Nf6 5. Nc3 d6 6. Be3 Nc6 7. f3 Be7 8. Qd2
O-O 9. O-O-O d5 10. Be2 dxe4 11. Nxc6 bxc6 12. Qxd8 Rxd8 13. Rxd8+ Bxd8 14. Rd1
Be7 15. Nxe4 Nxe4 16. fxe4 e5 17. Bc4 Kf8 18. h3 Ke8 19. a4 a5 20. Rd3 Rb8 21.
Bd2 Bb4 22. c3 Bc5 23. Rf3 f6 24. Kc2 Ke7 25. Rf1 Bd6 26. Rb1 c5 27. Bd5 Bd7
28. b3 h5 29. Be3 Be8 30. Rg1 Bd7 31. Kd3 g6 32. g4 hxg4 33. hxg4 Rh8 34. Kc4
Bc8 35. Kb5 Bd7+ 36. Kxa5 Rh3 37. Bd2 Rh2 38. Be1 Rh8 39. Ka6 c4 40. Bxc4 Bc5
41. Rg2 Bc6 42. Ka5 Ra8+ 43. Ba6 Rb8 44. Bf2 Bd6 45. Bb6 Bxe4 46. Rh2 f5 47. c4
Kf6 48. gxf5 Bxf5 49. c5 Be7 50. c6 Ra8 51. Rd2 Bc8 52. Bd8 Bxa6 53. c7 Bc8+
54. Kb6 Ke6 55. Bxe7 Kxe7 56. Rd8 e4 57. b4 e3 58. Rd3 Ra6+ 59. Kc5 e2 60. Kd4
0-1

[Event "11th EICC Men Playoff"]
[Site "Rijeka CRO"]
[Date "2010.03.18"]
[Round "2.2"]
[White "Movsesian, S."]
[Black "Navara, D."]
[Result "1/2-1/2"]
[WhiteElo "2709"]
[BlackElo "2708"]
[PlyCount "58"]
[EventDate "2010.03.18"]

1. e4 c5 2. Nf3 d6 3. Nc3 Nf6 4. d4 cxd4 5. Qxd4 Nc6 6. Bb5 Bd7 7. Bxc6 Bxc6 8.
Bg5 e6 9. O-O-O Be7 10. Qd3 Qa5 11. h4 O-O 12. Nd4 Rfc8 13. f4 b5 14. e5 b4 15.
exf6 gxf6 16. Bh6 Qh5 17. Qg3+ Qg6 18. Rd3 Kh8 19. Qxg6 hxg6 20. h5 bxc3 21.
hxg6 cxb2+ 22. Kb1 Kg8 23. f5 fxg6 24. Nxc6 Rxc6 25. fxg6 Rac8 26. Rdh3 Rxc2
27. Be3 Bf8 28. Rh8+ Kg7 29. R1h6 Rxg2 1/2-1/2

[Event "11th EICC Men Playoff"]
[Site "Rijeka CRO"]
[Date "2010.03.18"]
[Round "2.1"]
[White "Sargissian, G."]
[Black "Mamedov, Rau"]
[Result "1-0"]
[WhiteElo "2675"]
[BlackElo "2639"]
[PlyCount "171"]
[EventDate "2010.03.18"]

1. d4 d6 2. Nf3 g6 3. c4 Bg7 4. Nc3 Nf6 5. e4 O-O 6. Be2 Na6 7. O-O e5 8. Be3
Qe8 9. h3 b6 10. Re1 Bb7 11. d5 Nc5 12. Nd2 a5 13. b3 Bc8 14. a3 Bd7 15. b4 Na4
16. Nxa4 Bxa4 17. Qc1 Bd7 18. c5 bxc5 19. bxc5 Bb5 20. Bxb5 Qxb5 21. Qc2 Nh5
22. cxd6 cxd6 23. Qc6 Qd3 24. Qc4 Qxc4 25. Nxc4 Ra6 26. Rab1 Rc8 27. Rb6 Rxb6
28. Nxb6 Rb8 29. Nc4 Bf8 30. g4 Nf4 31. Bxf4 exf4 32. Nxa5 Ra8 33. Nc4 Rc8 34.
Rc1 f3 35. g5 h6 36. Kh2 Be7 37. Kg3 Bxg5 38. Rc2 Kf8 39. Kxf3 Ra8 40. Nxd6
Rxa3+ 41. Kg2 Bf4 42. Rc8+ Ke7 43. Nc4 Rd3 44. Rc6 h5 45. Ra6 g5 46. Ra7+ Kf6
47. e5+ Kg6 48. d6 g4 49. hxg4 h4 50. f3 Rd4 51. d7 Bg5 52. Rc7 Rd3 53. Rc6+
Kh7 54. Rd6 Rc3 55. Rd4 Rc2+ 56. Kh3 Rc3 57. d8=Q Rxf3+ 58. Kh2 Bxd8 59. Rxd8
Rf4 60. Ne3 Re4 61. Rd3 Rxe5 62. Kh3 Kg6 63. Kxh4 f6 64. Kg3 Re4 65. Kf3 Ra4
66. Rb3 Ra5 67. Rb4 Ra3 68. Kf4 Ra5 69. Nf5 Ra1 70. Ng3 Ra6 71. Ne4 Ra1 72. Ng3
Ra6 73. Nf5 Ra1 74. Nh4+ Kf7 75. Rb7+ Ke6 76. Nf5 Rf1+ 77. Kg3 Rg1+ 78. Kf3
Rf1+ 79. Kg2 Ra1 80. Re7+ Kd5 81. Re2 Ra4 82. Kf3 Ra3+ 83. Re3 Ra2 84. Ng3 Ra1
85. Kf4 Ra5 86. Nh5 1-0

[Event "11th EICC Men Playoff"]
[Site "Rijeka CRO"]
[Date "2010.03.18"]
[Round "2.2"]
[White "Mamedov, Rau"]
[Black "Sargissian, G."]
[Result "1-0"]
[WhiteElo "2639"]
[BlackElo "2675"]
[PlyCount "95"]
[EventDate "2010.03.18"]

1. c4 Nf6 2. Nc3 e5 3. g3 Nc6 4. Bg2 Bc5 5. d3 d6 6. Nf3 a6 7. O-O h6 8. a3 O-O
9. Rb1 Ba7 10. e4 Rb8 11. Be3 Nd4 12. Bxd4 exd4 13. Ne2 c5 14. Nf4 b5 15. e5
dxe5 16. Nxe5 Bb7 17. Bxb7 Rxb7 18. Qf3 Rb6 19. Rfe1 Qc7 20. Rbc1 Qb7 21. Nd5
Nxd5 22. cxd5 Rf6 23. Qg2 Bb8 24. Nc6 Bd6 25. Qe4 Ra8 26. b4 cxb4 27. axb4 Bf8
28. Qxd4 Rd6 29. Re5 Qd7 30. Qe4 Rc8 31. Kg2 Ra8 32. h4 g6 33. h5 gxh5 34. Rxh5
Re8 35. Re5 Rxe5 36. Nxe5 Qd8 37. Rc6 Bg7 38. d4 Rxd5 39. Nxf7 Rxd4 40. Nxh6+
Kh8 41. Qg6 Qd5+ 42. Kh2 Rh4+ 43. gxh4 Be5+ 44. Kg1 Qd1+ 45. Kg2 Qd5+ 46. f3
Qd2+ 47. Kh3 Qh2+ 48. Kg4 1-0

[Event "11th EICC Men Playoff"]
[Site "Rijeka CRO"]
[Date "2010.03.18"]
[Round "2.3"]
[White "Sargissian, G."]
[Black "Mamedov, Rau"]
[Result "1/2-1/2"]
[WhiteElo "2675"]
[BlackElo "2639"]
[PlyCount "111"]
[EventDate "2010.03.18"]

1. d4 d6 2. Nf3 Bg4 3. c4 g6 4. e3 Bg7 5. Nc3 c6 6. h3 Bxf3 7. Qxf3 Nd7 8. Qd1
Ngf6 9. Be2 O-O 10. O-O e5 11. d5 cxd5 12. cxd5 Rc8 13. e4 Nc5 14. Bf3 Nfd7 15.
b4 Na6 16. Qb3 Qb6 17. Rb1 Qd8 18. Be3 Nb6 19. Nb5 Nc4 20. Nxa7 Nxe3 21. Qxe3
Ra8 22. Rfc1 f5 23. Nb5 Bf6 24. Rc4 Bg5 25. Qe2 Qb6 26. a4 fxe4 27. Rxe4 Rac8
28. Rc4 Kg7 29. Nc3 Rxc4 30. Qxc4 Qd4 31. Qxd4 exd4 32. Ne4 Bf4 33. Be2 Nc7 34.
Bc4 Re8 35. f3 Re5 36. Kf1 Nxd5 37. Bxd5 Rxd5 38. Ke2 d3+ 39. Kd1 Rd4 40. Rb3
b6 41. Nf2 d2 42. Nd3 Be3 43. Nb2 Bg5 44. Nd3 Rc4 45. f4 Bxf4 46. Nxf4 Rxf4 47.
a5 bxa5 48. bxa5 Ra4 49. Rd3 Rxa5 50. Rxd6 Ra1+ 51. Kxd2 Ra2+ 52. Ke3 Rxg2 53.
Kf3 Ra2 54. Kg3 h5 55. h4 Ra4 56. Rb6 1/2-1/2

[Event "11th EICC Men Playoff"]
[Site "Rijeka CRO"]
[Date "2010.03.18"]
[Round "2.4"]
[White "Mamedov, Rau"]
[Black "Sargissian, G."]
[Result "1-0"]
[WhiteElo "2639"]
[BlackElo "2675"]
[PlyCount "87"]
[EventDate "2010.03.18"]

1. c4 e6 2. e4 d5 3. exd5 exd5 4. d4 Nf6 5. Nc3 Be7 6. Bd3 dxc4 7. Bxc4 O-O 8.
Nge2 Nbd7 9. O-O Nb6 10. Bd3 c6 11. h3 Be6 12. Re1 Re8 13. Nf4 Bd5 14. Be3 Bd6
15. Qc2 h6 16. a4 a5 17. Rac1 Bc4 18. Bxc4 Nxc4 19. Nd3 Nxe3 20. fxe3 Nd5 21.
Qf2 Nb4 22. Rcd1 Qe7 23. Qf3 Rad8 24. Nf2 Bb8 25. Nfe4 Qc7 26. g3 Nd5 27. Kg2
Qe7 28. Nxd5 Rxd5 29. Nf2 Rg5 30. g4 Qd6 31. e4 Qh2+ 32. Kf1 h5 33. e5 Ba7 34.
Re2 f5 35. exf6 Rxe2 36. Kxe2 Qc7 37. Ne4 Rd5 38. fxg7 Qe7 39. gxh5 Bxd4 40. h6
c5 41. Rf1 Bf6 42. Kf2 Rd6 43. Kg2 Bxg7 44. Nxd6 1-0

[Event "11th EICC Men Playoff"]
[Site "Rijeka CRO"]
[Date "2010.03.18"]
[Round "2.1"]
[White "Drozdovskij, Y."]
[Black "Sokolov, Ivan"]
[Result "1-0"]
[WhiteElo "2627"]
[BlackElo "2638"]
[PlyCount "79"]
[EventDate "2010.03.18"]

1. d4 Nf6 2. c4 c5 3. d5 e5 4. Nc3 d6 5. g3 Be7 6. Bg2 O-O 7. e4 Ne8 8. Nge2
Nc7 9. O-O Bd7 10. a4 Nba6 11. Be3 Nb4 12. Qd2 b6 13. f4 Bf6 14. f5 a6 15. b3
Qe7 16. a5 b5 17. h4 Rfb8 18. Bh3 h6 19. Kh2 bxc4 20. bxc4 Rb7 21. Rf3 Rab8 22.
Rf2 Ne8 23. Ng1 h5 24. Nf3 g6 25. Ng5 Ng7 26. Raf1 Rf8 27. fxg6 fxg6 28. Bxd7
Rxd7 29. Na4 Rdd8 30. Nb6 Rb8 31. Rf3 Rb7 32. Qf2 Ne8 33. Ne6 Rf7 34. Nxc5 dxc5
35. Bxc5 Qc7 36. Bxb4 Rxb6 37. Qxb6 Qxc4 38. Qb8 Kg7 39. Qxe8 Qxb4 40. Rxf6 1-0

[Event "11th EICC Men Playoff"]
[Site "Rijeka CRO"]
[Date "2010.03.18"]
[Round "2.1"]
[White "Babula, V."]
[Black "Maiorov, N1."]
[Result "1-0"]
[WhiteElo "2554"]
[BlackElo "2510"]
[PlyCount "85"]
[EventDate "2010.03.18"]

1. d4 Nf6 2. c4 e6 3. Nf3 b6 4. g3 Bb7 5. Bg2 Be7 6. Nc3 Ne4 7. Bd2 Bf6 8. O-O
O-O 9. Rc1 c5 10. d5 exd5 11. cxd5 Nxd2 12. Nxd2 d6 13. Nde4 Be5 14. Qd2 Ba6
15. f4 Bd4+ 16. Kh1 Qe7 17. Rf3 Nd7 18. e3 Bxc3 19. Nxc3 f5 20. e4 fxe4 21. Re3
Nf6 22. Nxe4 Nxe4 23. Rxe4 Qd7 24. Rce1 Rf7 25. Re6 Raf8 26. f5 Rxf5 27. Re7
Qb5 28. Bh3 R5f6 29. Rxa7 Bc8 30. Bxc8 Rxc8 31. Qe2 c4 32. Qg4 Qxd5+ 33. Re4
Rf1+ 34. Kg2 Qd2+ 35. Kxf1 Rf8+ 36. Rf4 Rxf4+ 37. Qxf4 Qd1+ 38. Kf2 Qc2+ 39.
Kf1 Qd1+ 40. Kg2 Qe2+ 41. Qf2 Qe4+ 42. Qf3 Qc2+ 43. Kh3 1-0

[Event "11th EICC Men Playoff"]
[Site "Rijeka CRO"]
[Date "2010.03.18"]
[Round "2.2"]
[White "Maiorov, N1."]
[Black "Babula, V."]
[Result "1/2-1/2"]
[WhiteElo "2510"]
[BlackElo "2554"]
[PlyCount "100"]
[EventDate "2010.03.18"]

1. d4 Nf6 2. c4 e6 3. Nc3 d5 4. Nf3 Be7 5. e3 O-O 6. b3 b6 7. Bd3 Bb7 8. Bb2
Nbd7 9. O-O c5 10. cxd5 cxd4 11. Nxd4 Nxd5 12. Nxd5 Bxd5 13. Qe2 Bf6 14. Rfd1
Qe7 15. Rac1 Rac8 16. Rxc8 Rxc8 17. Ba6 Rd8 18. Rc1 Be5 19. f4 Bxd4 20. Bxd4 e5
21. Bb2 exf4 22. exf4 Qxe2 23. Bxe2 Re8 24. Bb5 Be6 25. Rc7 Rd8 26. Rxa7 Nc5
27. Bd4 h5 28. Bxc5 bxc5 29. Bc6 Rd2 30. Ra8+ Kh7 31. Ra5 g6 32. a4 Rc2 33. Ra7
Bxb3 34. a5 Ra2 35. a6 Bc4 36. Bb7 Kg7 37. Ra8 Bd3 38. h4 c4 39. Rd8 Bf5 40.
Rd1 c3 41. Kf1 c2 42. Rc1 Bd3+ 43. Ke1 Bxa6 44. Bd5 Ra4 45. g3 Bd3 46. Kd2 Bf5
47. Bc6 Ra3 48. Rg1 Rd3+ 49. Kc1 Rb3 50. Kd2 Rd3+ 1/2-1/2

[Event "11th EICC Men Playoff"]
[Site "Rijeka CRO"]
[Date "2010.03.18"]
[Round "2.2"]
[White "Tregubov, P."]
[Black "Vorobiov, E."]
[Result "1-0"]
[WhiteElo "2625"]
[BlackElo "2616"]
[PlyCount "63"]
[EventDate "2010.03.18"]

1. d4 d5 2. c4 Nc6 3. Nc3 dxc4 4. d5 Ne5 5. f4 Ng4 6. e4 e5 7. f5 h5 8. Nf3 Bc5
9. Bxc4 Qe7 10. Qb3 N8f6 11. Bg5 Bf2+ 12. Ke2 Bb6 13. h3 Nh6 14. Rad1 Bd7 15.
d6 cxd6 16. Nd5 Qd8 17. Nh4 Bc6 18. Nxf6+ gxf6 19. Bxh6 Rxh6 20. Bxf7+ Kd7 21.
Bd5 Kc7 22. Rd3 Qe8 23. Rhd1 Rd8 24. Qc4 Bd4 25. Nf3 Bxb2 26. Rb1 Bd4 27. Nxd4
exd4 28. Rdb3 Rb8 29. Bxc6 Qxc6 30. Qf7+ Kd8 31. Qf8+ Kd7 32. Qg7+ 1-0